000
00255nam a2200109Ia 4500
005
20251222140056.0
008
251222s1900||||xx |||||||||||||| ||spa||
082
_a
117/S64
245
0
_a
La Forma
264
_b
Instituto Luis Vives de FilosofĂa
942
_c
LIB
999
_c
3752
_d
3752